4000 Phrasal Verbs and 1000 Modifications/ (Record no. 188349)
[ view plain ]
| 000 -LEADER | |
|---|---|
| fixed length control field | 00550nam a22001817a 4500 |
| 005 - DATE AND TIME OF LATEST TRANSACTION | |
| control field | 20220519143340.0 |
| 010 ## - LCCN (DPL NO) | |
| LC control number | ENG-132701 |
| 020 ## - INTERNATIONAL STANDARD BOOK NUMBER | |
| International Standard Book Number | 9788177356694 |
| Terms of availability | 150.00 |
| 035 ## - SYSTEM CONTROL NUMBER | |
| System control number | EN-116233 |
| 037 ## - SOURCE OF ACQUISITION | |
| Source of stock number/acquisition | DBAD/PUB |
| 082 ## - DEWEY DECIMAL CLASSIFICATION NUMBER | |
| Classification number | 483.1 |
| 100 ## - MAIN ENTRY--PERSONAL NAME | |
| Personal name | Thomas, D. |
| 245 ## - TITLE STATEMENT | |
| Title | 4000 Phrasal Verbs and 1000 Modifications/ |
| Statement of responsibility, etc | D. Thomas |
| 260 ## - PUBLICATION, DISTRIBUTION, ETC. (IMPRINT) | |
| Place of publication, distribution, etc | Chennai |
| Name of publisher, distributor, etc | Pavai Publications |
| Date of publication, distribution, etc | 2011 |
| 270 ## - ADDRESS | |
| Address | 142, Jani Jan Khan Road, Royapettah |
| City | Chennai |
| Postal code | 600014 |
| Electronic mail address | pavai123@yahoo.com |
| 300 ## - PHYSICAL DESCRIPTION | |
| Extent | 320p. |
| Dimensions | 21cm(pbk) |
| 942 ## - ADDED ENTRY ELEMENTS (KOHA) | |
| Source of classification or shelving scheme | Dewey Decimal Classification |
| Item type | English Books |
| Classification part | 483.1 |
| Call number suffix | THO |
| Withdrawn status | Lost status | Not for loan | Collection code | Home library | Current library | Date acquired | Source of acquisition | Cost, normal purchase price | Full call number | Barcode | Copy number | Cost, replacement price | Koha item type |
|---|---|---|---|---|---|---|---|---|---|---|---|---|---|
| Non-fiction | Patel Nagar | Patel Nagar | 19/05/2022 | DBAD/PUB | 150.00 | 483.1 THO | EN-116233 | 1 | 150.00 | English Books |
